Weather proof building standards (Record no. 71743)

MARC details
000 -LEADER
fixed length control field 01096cam a2200217 4500
001 - CONTROL NUMBER
control field WB3846-03
008 - FIXED-LENGTH DATA ELEMENTS--GENERAL INFORMATION
fixed length control field 021211n2002 000 0 eng u
035 ## - SYSTEM CONTROL NUMBER
System control number (Sirsi) u120732
245 ## - TITLE STATEMENT
Title Weather proof building standards
260 ## - PUBLICATION, DISTRIBUTION, ETC.
Date of publication, distribution, etc. 2002
490 ## - SERIES STATEMENT
Series statement ODPM News Release
Volume/sequential designation (146) 10 December 2002, (2)
520 ## - SUMMARY, ETC.
Summary, etc. Government publishes tougher regulations to provide better protection for new buildings from extreme weather, natural land contaminants and moisure. The relevant Building Regulations are Part C and these will be changed to take into account severe weather predictions from the UK Climate Impacts Programme. This consultation will also look at building regulations for developments on brownfield land. For the ODPM News Release: http://www.odpm.gov.uk/news/0212/0146.htm
590 ## - LOCAL NOTE (RLIN)
Local note WB
650 ## - SUBJECT ADDED ENTRY--TOPICAL TERM
Topical term or geographic name entry element BUILDING STANDARDS
650 ## - SUBJECT ADDED ENTRY--TOPICAL TERM
Topical term or geographic name entry element WEATHER PROOFING
650 ## - SUBJECT ADDED ENTRY--TOPICAL TERM
Topical term or geographic name entry element BUILDING REGULATIONS 1991 APPROVED DOCUMENT C (1992 EDITION)
650 ## - SUBJECT ADDED ENTRY--TOPICAL TERM
Topical term or geographic name entry element UK CLIMATE IMPACTS PROGRAMME
650 ## - SUBJECT ADDED ENTRY--TOPICAL TERM
Topical term or geographic name entry element LAND CONTAMINATION
690 ## - LOCAL SUBJECT ADDED ENTRY--TOPICAL TERM (OCLC, RLIN)
Topical term or geographic name as entry element BUILT ENVIRONMENT-BUILDING STANDARDS
942 ## - ADDED ENTRY ELEMENTS (KOHA)
Suppress in OPAC 0
Holdings
Withdrawn status Lost status Source of classification or shelving scheme Damaged status Not for loan Home library Current library Shelving location Date acquired Total Checkouts Full call number Barcode Date last seen Copy number Price effective from Koha item type
    Dewey Decimal Classification     London London News article 11/12/2002   WB3846-03 120732-1001 06/08/2019 1 06/08/2019 News article